000
00328 a2200157 4500
001
171383
020
_a
040
_c
Magnum
100
_a
Colasanti, Marina
240
1
0
_a
Entre a espada e a rosa
_l
por
245
1
0
_a
Entre a espada e a rosa
362
0
_a
1899
440
1
_a
Salamandra
697
_a
J/FICCAO
942
_c
BK
999
_c
171383
_d
171383